000 00547nam a2200205 a 4500
001 BRCA_6819
005 20190320205614.0
008 041111s1930----gw-ab#####---#000-0#ger-#
041 _ager
044 _agw
050 4 _aG1019
_p.P46 1930
245 1 0 _aTaschenatlas der ganzen Welt
_cErlauternder text von Friederich Tamb
260 _aGotha, Alemania
_bJustus Perthes
_c1930
300 _a96 p.
_bil. a color, mapas
_c18 cm.
500 _aO6
650 1 4 _aAtlas
_917012
700 1 _aPerthes, Justus
_917013
902 _aGFM
942 _2lcc
_cB
999 _c6502
_d6502